[Event "GM Tournament Belgrade 2022"]
[Site "Belgrade"]
[Date "2022.03.06"]
[Round "1.1"]
[White "Abdusattorov, Nodirbek"]
[Black "Sarana, Alexey"]
[Result "1-0"]
[WhiteElo "2651"]
[BlackElo "2685"]
[Annotator "TA"]
[PlyCount "83"]
[EventDate "2022.03.06"]
[EventType "tourn"]
[EventCountry "SRB"]
[SourceTitle "playchess.com"]
[Source "ChessBase"]
[SourceQuality "1"]

{[%evp 21,83,35,43,27,41,31,47,29,32,45,36,11,18,14,44,33,46,24,33,22,42,41,62,45,40,22,20,22,27,29,8,19,52,51,52,52,52,52,52,52,52,52,52,52,52,52,52,52,57,63,115,95,118,106,122,122,122,122,643,625,578,576,970,704]} 1. c4 e6 2. Nc3 d5 3. d4 Nf6 4. cxd5 exd5 5. Bg5 Be7 6. e3 O-O 7. Bd3 c6 8. Qc2 Nbd7 9. h3 Re8 10. Nf3 Nf8 11. O-O Be6 12. Na4 $5 {[%mdl 4] A promising side line. D36: Queen's Gambit Declined: Exchange Variation: Main line (5 Bg5 c6 6 Qc2).} N6d7 13. Bf4 {[%cal Ob2b4]} a5 {[%cal Ba7a5,Ba5a4][%mdl 32]} 14. a3 {[#] White is slightly better.} b5 $146 ({Predecessor:} 14... Ng6 15. Bh2 Bf8 16. Rfb1 Qf6 17. Qd1 Bf5 18. Bxf5 {½-½ (18) Nikolic,P (2625)-Timman,J (2630) Reykjavik 1991}) 15. Nc3 a4 16. Na2 Rc8 17. Nb4 Bxb4 18. axb4 Nb6 19. b3 axb3 $1 20. Qxb3 Ng6 21. Bg3 Qf6 {[%cal Oe6h3]} 22. Qc2 Nc4 {[%cal Oe6h3]} 23. h4 Bg4 24. Nh2 Be6 25. Ra7 Nxh4 26. Bxh7+ Kh8 27. Bd3 Kg8 28. Rfa1 Bf5 29. Bxh4 Bxd3 30. Qxd3 Qxh4 31. Qf5 Nd6 32. Qd7 Red8 $1 33. Qg4 Qxg4 34. Nxg4 Nc4 35. R1a6 Rd6 (35... Kf8 $14) 36. Re7 ({Much weaker is} 36. Ne5 $6 Nxe5 37. Ra8 (37. dxe5 Re6 $11) 37... Rxa8 38. Rxa8+ Kh7 39. dxe5 Re6 $11) 36... Rg6 37. f3 Rd8 38. Raa7 f5 {[#]} 39. Nf2 {White is more active.} Rdd6 $2 {[%mdl 8192]} (39... Nd2 $16) 40. Nh3 {White is clearly winning.} Kh7 41. Nf4 Nb2 42. Ra8 {Weighted Error Value: White=0.06 (flawless) /Black=0.31} 1-0

[Event "GM Tournament Belgrade 2022"]
[Site "Belgrade"]
[Date "2022.03.06"]
[Round "1.2"]
[White "Markus, Robert"]
[Black "Ivanisevic, Ivan"]
[Result "1/2-1/2"]
[WhiteElo "2625"]
[BlackElo "2599"]
[Annotator "TA"]
[PlyCount "60"]
[EventDate "2022.03.06"]
[EventType "tourn"]
[EventCountry "SRB"]
[SourceTitle "playchess.com"]
[Source "ChessBase"]
[SourceQuality "1"]

{[%evp 22,60,19,10,22,29,39,33,36,20,20,22,28,22,28,35,40,36,23,0,7,0,0,0,0,0,0,0,0,0,0,0,0,0,0,0,0,0,0,0,0]} 1. d4 Nf6 2. c4 e6 3. Nf3 d5 4. g3 dxc4 5. Bg2 c5 6. O-O Nc6 7. Qa4 Bd7 8. Qxc4 cxd4 9. Nxd4 Rc8 10. Nc3 Nxd4 11. Qxd4 Bc5 12. Qh4 O-O {12...h6 is the modern continuation. E04: Open Catalan: 5 Nf3.} 13. Bxb7 {13.Bg5 is vanishing.} Rb8 14. Bf3 Rb4 {White is slightly better.} 15. Qg5 Bd4 16. Qd2 Qc7 17. Qd3 Be5 18. Bg5 h6 19. Bxf6 Bxf6 20. Rfd1 {[#]} (20. Rac1 {is more complex.} Rc4 21. Rcd1 Rd8 22. Qd6 Qc8 23. Qa3) 20... Rxb2 $146 {The position is equal.} ({Predecessor:} 20... Ba4 21. Nxa4 Rxa4 22. b3 Ra3 23. Rac1 Qa5 24. Qc4 Rxa2 25. Rd7 Ra1 26. Rxa1 Qxa1+ 27. Kg2 a5 28. Ra7 Qe1 29. Rb7 Bc3 30. Rc7 Bb4 {½-½ (30) Rawlings,A (2394)-Sutkus,V (2377) ICCF email 2011}) 21. Qxd7 Qxd7 22. Rxd7 {[#] Hoping for Ne4.} Bxc3 23. Rxa7 Rxe2 $1 24. Bxe2 Bxa1 $11 {[%mdl 4096] Endgame KRB-KRB} 25. a4 Bd4 26. Rd7 Bc3 27. Rc7 Bb4 28. Rb7 Bc3 29. Rc7 Bb4 30. Rb7 Bc3 {Weighted Error Value: White=0.02 (flawless) /Black=0.01 (flawless)} 1/2-1/2

[Event "GM Tournament Belgrade 2022"]
[Site "Belgrade"]
[Date "2022.03.06"]
[Round "1.3"]
[White "Nihal Sarin"]
[Black "Ivic, Velimir"]
[Result "1-0"]
[WhiteElo "2656"]
[BlackElo "2607"]
[Annotator "TA"]
[PlyCount "89"]
[EventDate "2022.03.06"]
[EventType "tourn"]
[EventCountry "SRB"]
[SourceTitle "playchess.com"]
[Source "ChessBase"]
[SourceQuality "1"]

{[%evp 10,89,31,35,25,16,25,18,35,21,20,27,27,34,23,35,33,23,31,33,31,33,41,20,33,41,33,34,50,47,52,32,19,37,37,24,50,17,14,0,12,25,21,0,0,0,41,21,115,126,109,123,122,120,119,85,150,143,153,150,184,179,244,227,231,203,627,643,610,586,789,772,1087,972,993,992,1220,1204,1092,1046,994,961]} 1. e4 c5 2. Nf3 Nc6 3. Bb5 e6 4. O-O Nge7 5. d4 cxd4 6. Nxd4 Ng6 {seems to push 6...Qb6 aside. B30: Sicilian: 2...Nc6 3 Bb5, lines without ...g6.} 7. Be2 Be7 8. c4 O-O {The position is equal.} 9. Nc3 b6 10. Be3 Nxd4 11. Qxd4 Bb7 12. Rad1 Bc6 13. Qd2 {[#]} Bb4 $146 ({Predecessor:} 13... a6 14. a3 Qb8 15. f3 Rd8 16. Qd4 b5 17. cxb5 axb5 18. Qb6 Qxb6 19. Bxb6 Rdb8 {½-½ (62) Neiksans,A (2566)-Ramirez Alvarez,A (2574) Las Vegas 2019}) 14. f3 {[%cal Bf2f3,Bf3f4][%mdl 32]} Qf6 15. Rc1 {[%cal Bd1c1,Bc1c2,Bc2d2,Bd2d3][%mdl 32]} Bc5 16. Rfd1 Qe5 17. g3 Rad8 18. f4 Qb8 19. Bxc5 bxc5 20. Rc2 d6 21. Qe3 Ne7 22. Rcd2 a6 23. Bf3 Ba8 24. Ne2 Rfe8 25. b3 f6 26. Rd3 e5 27. Qd2 {[%cal Rd3d6]} exf4 (27... Nc6 $11) 28. gxf4 {[%cal Rd3d6]} Ng6 (28... Nc6 $1 $11) 29. Rxd6 $16 Rxd6 30. Qxd6 Qxd6 31. Rxd6 Bxe4 32. Kf2 Bxf3 (32... Kf7 $142) 33. Kxf3 {[%mdl 4096] Endgame KRN-KRN} Nh4+ 34. Kf2 Nf5 35. Rxa6 Rd8 (35... h5 {is a better defense.} 36. Ra5 Rc8) 36. Rc6 Rd2 37. Rxc5 Nd4 {[#]} (37... g6 38. Ra5 Rb2) 38. Ke3 $1 $18 {[%csl LRd2,LRd4] White is clearly winning.} Rxe2+ 39. Kxd4 Rxh2 {KR-KR} 40. a4 {[%cal Ba2a4,Ba4a5,Ba5a6][%mdl 32]} h5 41. a5 h4 42. b4 h3 43. Rh5 g6 44. Rh4 Kg7 45. a6 {Weighted Error Value: White=0.06 (flawless) /Black=0.27 (precise)} 1-0

[Event "GM Tournament Belgrade 2022"]
[Site "Belgrade"]
[Date "2022.03.06"]
[Round "1.4"]
[White "Maghsoodloo, Parham"]
[Black "Sjugirov, Sanan"]
[Result "0-1"]
[WhiteElo "2701"]
[BlackElo "2680"]
[Annotator "TA"]
[PlyCount "78"]
[EventDate "2022.03.06"]
[EventType "tourn"]
[EventCountry "SRB"]
[SourceTitle "playchess.com"]
[Source "ChessBase"]
[SourceQuality "1"]

{[%evp 9,78,21,15,7,20,8,13,0,15,5,23,3,13,15,29,5,10,11,8,0,2,-57,-59,-58,-53,-50,-51,-58,-47,-64,-58,-53,-52,-54,-57,-48,-50,-60,-50,-61,-39,-44,-37,-50,-50,-115,-118,-110,-104,-139,-135,-168,-168,-179,-165,-173,-175,-218,-210,-280,-272,-287,-284,-285,-288,-340,-327,-293,-279,-397,-395]} 1. e4 e5 2. Nf3 Nc6 3. Bb5 Nf6 4. d3 Bc5 5. Bxc6 dxc6 6. Nbd2 {C65: Ruy Lopez: Berlin Defence (3...Nf6), unusual lines and 4 0-0 Bc5.} Nd7 7. Nc4 f6 $1 {The main line 7...f6 scores better than 7...0-0.} 8. c3 {The position is equal.} O-O 9. O-O Re8 10. b4 {[#]} Bd6 $5 $146 {[%mdl 8] An interesting novelty.} ({Predecessor:} 10... Bf8 11. a4 Nb6 12. Na5 c5 13. bxc5 Bxc5 14. d4 exd4 15. cxd4 Bf8 16. Re1 c6 {½-½ (40) So,W (2770)-Karjakin,S (2752) chess24.com INT 2020}) 11. Be3 Nf8 12. Nfd2 b6 13. Qc2 Be6 14. a3 Qe7 15. d4 ({Better is} 15. f3 $11) 15... Bxc4 $15 16. Nxc4 exd4 17. cxd4 Qxe4 18. Rac1 Rad8 19. Nd2 Qxc2 {Active counter play!} 20. Rxc2 Ng6 {[%cal Bf8g6,Bg6e7,Be7d5][%mdl 32]} 21. Rxc6 Ne7 22. Rc2 Nd5 23. Nc4 b5 24. Nxd6 cxd6 25. Rfc1 Rd7 26. Rc6 Kf7 27. Ra6 (27. Re1 $15) 27... Nxe3 $17 28. fxe3 Rxe3 {[%mdl 4096] Endgame KRR-KRR} 29. Rc8 {[#]} Kg6 $1 30. Rcc6 {[#]} d5 $1 {[%cal Bd6d5,Bd5d4][%mdl 32]} 31. Rc5 Rd3 32. Rxb5 Rxd4 33. Rc5 (33. Re6 $142) 33... Rd2 $19 34. Rc3 d4 35. Rg3+ Kf7 36. Rc6 h5 37. h4 d3 {Strongly threatening ...Rd1+.} 38. Rc3 Rd4 39. b5 (39. Re3 $142) 39... Ke6 {Weighted Error Value: White=0.21 (precise) /Black=0.02 (flawless)} 0-1

[Event "GM Tournament Belgrade 2022"]
[Site "Belgrade"]
[Date "2022.03.06"]
[Round "1.5"]
[White "Navara, David"]
[Black "Indjic, Aleksandar"]
[Result "1/2-1/2"]
[WhiteElo "2697"]
[BlackElo "2604"]
[Annotator "TA"]
[PlyCount "80"]
[EventDate "2022.03.06"]
[EventType "tourn"]
[EventCountry "SRB"]
[SourceTitle "playchess.com"]
[Source "ChessBase"]
[SourceQuality "1"]

{[%evp 9,80,22,42,30,25,25,31,20,25,23,23,22,22,27,26,27,35,-28,-22,-22,-19,-33,-31,-31,-23,-19,-22,-35,-35,-39,-38,-27,-45,-43,-34,-45,-33,-39,-33,-60,-59,-64,-59,-69,-66,-66,-52,-66,-47,-47,-48,-39,-26,-29,-23,-16,-5,-13,-17,-11,-28,-25,0,0,0,0,0,0,0,0,0,0,-8]} 1. d4 d5 2. c4 e6 {[%cal Be7e6,Be6d5][%mdl 32]} 3. Nc3 a6 4. cxd5 exd5 5. Nf3 c6 6. Bf4 {D31: Queen's Gambit Declined: Semi-Slav without ...Nf6 (+ Marshall Gambit and Noteboom) and Exchange Variation lines without ...Nf6.} Bd6 7. Bxd6 Qxd6 8. e4 {White is slightly better.} dxe4 9. Nxe4 Qe7 10. Qe2 {Strongly threatening Nd6+.} Nd7 {[%cal Bb8d7,Bd7b6,Bb6c8,Bc8d6][%mdl 32]} 11. O-O-O Ngf6 12. Nd6+ Kf8 {[#]} 13. Nxc8 $146 (13. Nc4 $14) ({Predecessor:} 13. Nc4 Qxe2 14. Bxe2 g6 15. Nfe5 Nxe5 16. dxe5 Nd5 17. Nd6 Rb8 18. g3 Be6 19. Rhe1 {½-½ (52) Iturrizaga Bonelli,E (2605)-Plazuelo Pascual,J (2455) Linares 2021}) 13... Qxe2 $11 14. Bxe2 {[#] Hoping for Nd6.} Rxc8 15. Rhe1 Nb6 16. Nd2 g6 17. Bf3 Rc7 18. Re2 Kg7 19. Rde1 Nc8 20. Nb3 Rd8 21. g3 Kf8 22. Bg2 Nd6 23. Bh3 h5 {[%cal Oa6a5]} 24. Re5 b6 25. R5e2 a5 {[%cal Ba6a5,Ba5a4][%mdl 32]} 26. Rd1 a4 27. Na1 a3 28. Bg2 Nb5 29. Red2 Nd5 (29... axb2+ {is more complex.} 30. Kxb2 Ra8 31. Nc2 Nd5 32. Bxd5 cxd5 33. Nb4 Rd7) 30. Nc2 Ra8 31. Nxa3 Nxa3 32. bxa3 Nc3 33. Re1 Rxa3 34. Kb2 $1 Nb5 {With the idea ...Rca7.} 35. Bf1 {[#] aiming for Bxb5.} Ra5 36. Re5 {The position is equal.} Re7 37. f4 f6 38. Rxe7 Kxe7 39. Bc4 Nc7 40. Rc2 Kd6 {Weighted Error Value: White=0.07 (flawless) /Black=0.03 (flawless)} 1/2-1/2

[Event "GM Tournament Belgrade 2022"]
[Site "Belgrade"]
[Date "2022.03.07"]
[Round "2.1"]
[White "Sarana, Alexey"]
[Black "Indjic, Aleksandar"]
[Result "1/2-1/2"]
[WhiteElo "2685"]
[BlackElo "2604"]
[Annotator "TA"]
[PlyCount "227"]
[EventDate "2022.03.06"]
[EventType "tourn"]
[EventCountry "SRB"]
[SourceTitle "playchess.com"]
[Source "ChessBase"]
[SourceQuality "1"]

{[%evp 9,227,26,27,23,29,34,35,27,21,21,31,33,43,35,39,35,47,29,28,27,40,39,41,47,43,36,39,36,43,35,41,27,28,31,35,33,43,41,39,33,38,11,13,14,17,25,27,14,15,8,8,8,8,0,0,0,21,8,16,0,0,0,7,22,22,18,14,21,16,11,7,6,15,14,8,0,11,0,0,0,12,33,23,23,16,41,93,18,27,54,59,0,0,0,0,0,0,0,3,0,0,0,0,0,0,0,187,0,0,0,0,0,0,0,0,0,0,0,0,0,0,0,0,0,0,0,0,0,0,0,0,0,0,0,0,0,0,0,0,0,0,0,0,0,0,0,0,0,0,0,0,0,0,0,0,0,0,0,0,0,0,0,0,0,0,0,-28000,-28000,-28000,-28000,-28000,-28000,-28000,-28000,-28000,-28000,-28000,-28000,-28000,-28000,-28000,-28000,-28000,-28000,-28000,-28000,-28000,-28000,-28000,-28000,-28000,-28000,-28000,-28000,-28000,-28000,-28000,-28000,-28000,-28000,-28000,-28000,-28000,-28000,-28000,-28000,-28000,-28000,-28000,-28000,-28000,-28000,-28000,-28000,-28000,-28000,-28000,-28000,-28000,-28000]} 1. d4 d5 2. c4 e6 3. Nc3 a6 4. cxd5 exd5 5. Nf3 h6 6. Bf4 {D31: Queen's Gambit Declined: Semi-Slav without ...Nf6 (+ Marshall Gambit and Noteboom) and Exchange Variation lines without ...Nf6.} Nf6 7. e3 Bd6 8. Be5 {White is slightly better.} c6 9. Bd3 Qe7 10. O-O Nbd7 {[%cal Rd7e5]} 11. Bxd6 Qxd6 12. Qc2 O-O 13. Rab1 {[#]} c5 $146 ({Predecessor:} 13... a5 14. a3 b5 15. Rfc1 Bb7 16. Ne2 Nb6 17. Ng3 a4 18. Nf5 Qe6 19. Ne5 Nc4 {1-0 (34) Janik,I (2483)-Efroimski,M (2318) Suwalki 2019}) 14. dxc5 Nxc5 15. h3 Be6 16. Rfd1 Rac8 17. Qd2 Rfd8 18. Rbc1 Qb6 19. Bb1 Nce4 20. Nxe4 dxe4 21. Nd4 {[%cal Bf3d4,Bd4e2,Be2c3][%mdl 32]} Bd7 22. a3 h5 23. Rxc8 Rxc8 24. Ne2 Bb5 25. Nc3 Bd3 26. Qc1 Bxb1 27. Qxb1 Rc4 28. Qc2 g6 29. Rd2 Kg7 30. Qd1 h4 31. Rd8 Qxb2 32. Qd6 $1 {White wants to mate with Qf8+.} Nh7 {Inhibits Qf8+.} 33. Qe5+ {[%mdl 1024] White has compensation.} Kh6 $1 (33... Nf6 34. Qe7 Ng8 35. Qf8+ Kf6 36. Rd6+ Ke5 37. Qb8 $1) 34. Qf4+ Kg7 $1 35. Qe5+ Kh6 $1 $132 {[%mdl 2048] [#] Black is not keeping still} (35... Nf6 36. Qe7 Ng8 37. Qf8+ Kf6 38. Rd6+ Ke5 39. Qb8 $1) 36. Rd7 $1 Rxc3 (36... Qxc3 $2 37. Qf4+ Ng5 38. Rxf7 (38. Qxh4+ Kg7 $11) 38... Qe1+ 39. Kh2 $18) 37. Qf4+ g5 38. Qxf7 {[%csl Gd7][%cal Rf7h7]} Rc1+ 39. Kh2 {[%csl Gd7][%cal Rf7h7]} Qe5+ (39... Nf6 40. Qg7+ Kh5 41. Rd5 $3 {[%mdl 512]}) 40. g3 hxg3+ 41. Kg2 {[%csl Gd7][%cal Rf7h7]} Nf6 42. Qg7+ Kh5 43. Qf7+ Kh6 $1 (43... Kh4 $2 44. Qxf6 $3 {[%mdl 512]} Rg1+ 45. Kxg1 $18) 44. Qg7+ Kh5 45. Rd8 {Rh8+ would kill now. Chess con chili.} Rg1+ $1 46. Kxg1 {White threatens Rh8+ and mate.} gxf2+ $11 {[%mdl 4096] Endgame KQR-KQN} 47. Kg2 f1=Q+ 48. Kxf1 {Intending Rh8+ and mate.} Kh4 49. Rd2 Qf5+ 50. Ke1 ({White should try} 50. Rf2 $14 Qxh3+ 51. Ke2 Qg4+ 52. Kd2 Qd7+ 53. Qxd7 Nxd7 54. Rf7) 50... Qf3 51. Re2 b5 52. Qh6+ Nh5 53. Qxa6 {Black should prevent Kd2.} Qxh3 54. Qxb5 {Black must now prevent Qb8.} Ng3 55. Rf2 {Threatens to win with Qe5.} Qh1+ 56. Kd2 Qg1 57. Rf7 Kh3 $2 {[#]} (57... Qa1 $1 $11 58. Rh7+ Kg4) 58. a4 $2 ({White has to play} 58. Qd7+ $1 $18 g4 59. Kc2 (59. Rh7+ Kg2 $11) 59... Qxe3 60. Rh7+ Kg2 61. Qd2+ (61. Qxg4 Qf2+ 62. Kc1 Qe3+ 63. Kb1 Qd3+ 64. Ka1 Qd4+ 65. Kb1 Qd3+ 66. Kc1 Qe3+ 67. Kd1 Qd3+ 68. Ke1 Qf1+ 69. Kd2 Qd3+ 70. Kc1 Qc4+ 71. Kb2 Qd4+ 72. Kb3 Qb6+ 73. Kc3 Qf6+ 74. Kc4 Qc6+ 75. Kd4 Qd6+ 76. Kc4 e3 $11) 61... Qxd2+ 62. Kxd2) 58... Qa1 59. Qb3 {To avoid Qa2+} g4 60. Kc2 Ne2 {[%csl Ge2][%cal Ra1c1]} 61. Kd2 Ng1 62. Kc2 Nf3 63. Qc4 Ne1+ 64. Kd2 {Threatening mate with Rh7+.} Nf3+ 65. Kc2 g3 66. Rh7+ Kg2 {And now ...Kf2 would win.} 67. Qxe4 ({Don't blunder} 67. Qe2+ $2 Kg1 68. Rb7 (68. Qd1+ $2 Ne1+ 69. Kb3 Qxd1+ $19) 68... g2 69. Rb1+ Qxb1+ 70. Kxb1 Kh1 $19) 67... Kf2 68. Rh6 Qa2+ 69. Kc1 Qa3+ 70. Kd1 {aiming for Qc2+.} Qa1+ 71. Kc2 Qa2+ 72. Kc1 g2 {[%cal Rg2g1]} 73. Rg6 Qa3+ 74. Kc2 Ne1+ 75. Kb1 Qb3+ 76. Kc1 Qc3+ 77. Kb1 Qb3+ 78. Kc1 g1=Q 79. Rxg1 Qc3+ 80. Kb1 {[%cal Og1e1] Hoping for Rxe1!} Qb3+ 81. Kc1 Qc3+ 82. Kb1 {[%cal Og1e1] Rxe1! is the strong threat.} Kxg1 83. Qg4+ Kf1 {( -> ...Qb3+)} 84. Qf5+ Ke2 85. Qb5+ Nd3 86. Qh5+ Kd2 {[%csl Gd3][%cal Rc3b2]} 87. Qh2+ Kxe3 $4 {[%mdl 8192] Black keeps a firm grip on the game.} (87... Ke1 $11 88. Qg1+ Kd2 89. Qg2+ Kxe3) 88. Qg3+ {Mate.} Ke4 {[%csl Gd3][%cal Rc3b2]} 89. Qg6+ Kd5 {[%csl Gd3][%cal Rc3b2]} 90. Qf7+ Kd4 {[%csl Gd3][%cal Rc3b2]} 91. Qf6+ Ne5 92. Qf2+ Kd5 93. Qg2+ Nf3 94. Qg8+ Ke4 95. Qe8+ Ne5 96. Qb5 Nc4 97. Qc6+ Ke3 {[%csl Gc4][%cal Rc3b2]} 98. Qh6+ Kd4 {[%csl Gc4][%cal Rc3b2]} 99. Qf6+ Ne5 100. Qb6+ Ke4 101. Qb7+ Ke3 102. Qb2 Qa5 103. Qc1+ Ke4 104. Qc2+ Nd3 105. Qc4+ Ke3 106. Qe6+ Kd2 107. Qh6+ Kc3 108. Qc6+ Nc5 109. Qf6+ Kc4 110. Qf4+ Kb3 111. Qf7+ Kb4 112. Qf4+ Ka3 113. Qc1+ Kxa4 114. Qc4+ {[%mdl 32768] Weighted Error Value: White=0.08 (flawless) /Black=0.05 (flawless) . An unexpected result.} 1/2-1/2

[Event "GM Tournament Belgrade 2022"]
[Site "Belgrade"]
[Date "2022.03.07"]
[Round "2.2"]
[White "Sjugirov, Sanan"]
[Black "Navara, David"]
[Result "1-0"]
[WhiteElo "2680"]
[BlackElo "2697"]
[Annotator "TA"]
[PlyCount "91"]
[EventDate "2022.03.06"]
[EventType "tourn"]
[EventCountry "SRB"]
[SourceTitle "playchess.com"]
[Source "ChessBase"]
[SourceQuality "1"]

{[%evp 13,91,8,6,-14,0,0,7,-1,34,0,10,7,3,0,0,2,8,0,0,5,14,0,0,0,0,0,0,0,0,0,0,0,21,22,37,14,50,68,70,69,66,59,95,94,247,136,468,478,481,445,465,475,485,481,475,474,479,458,521,525,534,472,653,646,875,874,888,764,679,644,1665,1736,29982,29983,29979,29978,29993,29994,29998,29999]} 1. Nf3 d5 2. d4 Nf6 3. Bf4 c5 4. e3 Nc6 5. Nbd2 e6 6. c3 Be7 7. Bd3 Nh5 8. Be5 $1 {[%mdl 4] now scores much better than the old 8.Bg3. D02: 1 d4 d5 2 Nf3 sidelines, including 2...Nf6 3 g3 and 2...Nf6 3 Bf4.} f6 9. Bg3 g6 10. O-O {The position is equal.} Qb6 11. Rb1 {[#]} Nxg3 $146 ({Predecessor:} 11... Kf7 12. Re1 Nxg3 13. hxg3 f5 14. dxc5 Qxc5 15. c4 Rd8 16. a3 dxc4 17. Bxc4 Bf6 {1-0 (80) Le,T (2501)-Triapishko,A (2506) Chess.com INT 2020}) 12. hxg3 O-O 13. dxc5 Bxc5 14. e4 dxe4 15. Bxe4 Qc7 16. b4 Be7 17. Qb3 Bd7 18. Rfe1 Rac8 19. a3 Kg7 20. c4 b6 21. Rbd1 Nd8 22. Nd4 Nf7 {[#]} 23. Bc6 $1 {And now Bxd7 would win.} e5 24. Bd5 $36 {[%mdl 2048] White fights for an advantage.} Bxb4 25. axb4 exd4 26. Nf3 Rfe8 $1 27. Nxd4 {Threatens to win with Bxf7.} Ne5 28. f4 {White is more active.} Nf7 (28... Nxc4 $2 29. Rxe8 Rxe8 30. Bxc4 $18) (28... Ng4 $16) 29. Be6 ({Better is} 29. Bxf7 $18 Kxf7 30. c5+ Kg7 31. c6 Rxe1+ 32. Rxe1) 29... Nd8 $2 {[%mdl 8192] [#] This move loses the game for Black.} (29... Qb7 $16 {is tougher.}) 30. Nf5+ $1 $18 {[%mdl 512]} gxf5 31. Rxd7+ Qxd7 32. Bxd7 Rxe1+ 33. Kf2 Rc7 34. Kxe1 Rxd7 {[%mdl 4096] Endgame KQ-KRN} 35. Qc2 Re7+ 36. Kd2 Nb7 37. Qxf5 a5 38. c5 bxc5 39. bxc5 a4 40. c6 {Intending Qd5 and mate.} Nd6 41. Qd5 Ne4+ 42. Kc2 {White threatens Qd8 and mate.} a3 43. Qd8 {White mates.} Ra7 44. c7 a2 45. c8=Q a1=Q 46. Qg8+ {Weighted Error Value: White=0.08 (flawless) /Black=0.57} 1-0

[Event "GM Tournament Belgrade 2022"]
[Site "Belgrade"]
[Date "2022.03.07"]
[Round "2.3"]
[White "Ivic, Velimir"]
[Black "Maghsoodloo, Parham"]
[Result "1/2-1/2"]
[WhiteElo "2607"]
[BlackElo "2701"]
[Annotator "TA"]
[PlyCount "66"]
[EventDate "2022.03.06"]
[EventType "tourn"]
[EventCountry "SRB"]
[SourceTitle "playchess.com"]
[Source "ChessBase"]
[SourceQuality "1"]

{[%evp 24,66,25,19,14,25,22,7,8,20,18,0,0,0,0,0,0,0,0,21,10,33,71,83,81,83,68,85,62,66,72,60,79,78,86,62,81,91,90,20,22,8,12,0,0]} 1. e4 e5 2. Nf3 Nc6 3. Bb5 a6 4. Ba4 Nf6 5. O-O b5 6. Bb3 Bc5 7. a4 Rb8 8. c3 d6 9. d4 Bb6 10. Na3 O-O 11. axb5 axb5 12. Nxb5 Bg4 13. Bc2 Bxf3 {C78: Ruy Lopez: Archangelsk and Möller Defences.} 14. gxf3 Nh5 15. f4 Nxf4 {( -> ...Qg5+)} 16. Bxf4 exf4 17. Na3 Ne7 18. Nc4 c5 19. dxc5 Bxc5 20. b4 Bb6 21. Qh5 $36 {[%mdl 2048] [#] White has the initiative.} Rc8 $146 ({Predecessor:} 21... Qc7 22. Bb3 Ng6 {½-½ (22) Ilyasov,A (2357)-Volodarsky,Y (2351) ICCF email 2019}) 22. Bb3 (22. e5 $2 g6 23. Qe2 f3 24. Qxf3 Rxc4 $19) 22... Rxc4 23. Bxc4 Qc8 {[#]} 24. Ra6 $1 Bxf2+ 25. Rxf2 {Dancing on a razor blade.} (25. Kxf2 Qxc4 26. Ra3 (26. Qe2 Qxc3 27. Rxd6 Qxb4 $11) 26... Ng6 $11) 25... Qxc4 26. Rxd6 {Black must now prevent Qg5.} Qxc3 {[#]} 27. Qc5 $1 {Active counter play!} ({But not} 27. Rxf4 Ng6 28. Rf3 Qe1+ 29. Rf1 Qe3+ 30. Rf2 (30. Kh1 Qxe4+ 31. Qf3 Qxb4 $11) 30... Qe1+ 31. Rf1 Qe3+ 32. Kh1 Qxe4+ 33. Qf3 Qxb4 $11) ({Don't play} 27. Qf3 Qxb4 28. Qxf4 Ng6 $11) 27... Qe1+ 28. Rf1 Qxe4 29. Qd4 Qc2 30. Qxf4 g6 31. Qd2 (31. Rd2 $16 Qc6 32. Rb1) 31... Qc8 {The position is equal.} 32. Qg5 Nf5 33. Rd2 h6 {Weighted Error Value: White=0.09 (flawless) /Black=0.04 (flawless)} 1/2-1/2

[Event "GM Tournament Belgrade 2022"]
[Site "Belgrade"]
[Date "2022.03.07"]
[Round "2.4"]
[White "Ivanisevic, Ivan"]
[Black "Nihal Sarin"]
[Result "1/2-1/2"]
[WhiteElo "2599"]
[BlackElo "2656"]
[Annotator "TA"]
[PlyCount "55"]
[EventDate "2022.03.06"]
[EventType "tourn"]
[EventCountry "SRB"]
[SourceTitle "playchess.com"]
[Source "ChessBase"]
[SourceQuality "1"]

{[%evp 15,55,29,29,19,21,25,48,19,12,13,12,8,30,0,8,0,0,0,2,0,0,-1,-1,-14,-15,-16,-14,-17,-19,-17,0,0,0,0,0,0,0,0,0,0,0,0]} 1. d4 d5 2. c4 dxc4 3. e3 Nf6 4. Bxc4 e6 5. Nf3 {[%cal Bg1f3,Bf3e5,Be5d3][%mdl 32]} c5 6. O-O a6 7. dxc5 Bxc5 8. Qxd8+ Kxd8 9. Ne5 {D27: Queen's Gambit Accepted: Classical main line: 7 e4!? and 7 a4.} Ke7 10. Be2 Nbd7 11. Nd3 $1 {[%mdl 4] White is slightly better. is currently scoring better than 11.Nc4.} Bd6 12. Nd2 {Hoping for Nc4.} b5 {To avoid Nc4} 13. Bf3 {[#]} Ra7 $146 ({Predecessor:} 13... Rb8 14. a4 Bb7 15. axb5 axb5 16. Bxb7 Rxb7 17. Nb3 Rc8 18. Bd2 Ne4 19. Bb4 Bxb4 20. Nxb4 {0-1 (61) Ivanisevic,I (2585)-Abdusattorov,N (2634) Chess.com INT 2021}) 14. Nb3 Bb7 {The position is equal.} 15. Bd2 Bxf3 16. gxf3 Rc8 17. Rfc1 Rxc1+ 18. Rxc1 Rc7 19. Rxc7 Bxc7 20. Nbc5 Nxc5 21. Nxc5 $11 {[%mdl 4096] Endgame KBN-KBN} a5 22. Nb3 Be5 23. Nxa5 Bxb2 24. Nc6+ Kd6 25. Nd8 Ke7 26. Nc6+ Kd6 27. Nd8 Ke7 28. Nc6+ {Weighted Error Value: White=0.05 (flawless) /Black=0.04 (flawless)} 1/2-1/2